Welcome to CU Library Online Public Access Catalogue (OPAC)

A LION HANDBOOK THE WORLD'S RELIGIONS (Record no. 7120)

MARC details
000 -LEADER
fixed length control field 00315nam a22001217a 4500
005 - DATE AND TIME OF LATEST TRANSACTION
control field 20250723155544.0
008 - FIXED-LENGTH DATA ELEMENTS--GENERAL INFORMATION
fixed length control field 250723b |||||||| |||| 00| 0 eng d
020 ## - INTERNATIONAL STANDARD BOOK NUMBER
International Standard Book Number REF BL300
Qualifying information LIO
245 ## - TITLE STATEMENT
Title A LION HANDBOOK THE WORLD'S RELIGIONS
260 ## - PUBLICATION, DISTRIBUTION, ETC.
Place of publication, distribution, etc. OXFORD
Name of publisher, distributor, etc. LION PUBLISHING
Date of publication, distribution, etc. c1994
300 ## - PHYSICAL DESCRIPTION
Extent 464p
942 ## - ADDED ENTRY ELEMENTS (KOHA)
Source of classification or shelving scheme Library of Congress Classification
Koha item type Books
Suppress in OPAC No
999 ## -
-- 7120
-- 7120
Holdings
Withdrawn status Lost status Source of classification or shelving scheme Damaged status Not for loan Collection Home library Current library Shelving location Date acquired Total checkouts Full call number Barcode Date last seen Copy number Price effective from Koha item type
    Library of Congress Classification     Reference Undergraduate Library (Christ Temple) Undergraduate Library (Christ Temple) General stacks 07/23/2025   BL390 LIO ulct00004095 07/23/2025 1 07/23/2025 Books
© 2023-2024 Copyright: Central University Libraries. All Rights Reserved | Created by: Mahone Tech Office